Les capitales mondiales les plus proches de Bratislava - Statistiques

Statistiques générales
  • Ce quiz a été pris 79 fois
  • Le résultat moyen est 16 sur 20
Statistiques - réponses
km capitale % Correct
162 Budapest
96%
56 Vienne
96%
553 Berlin
92%
806 Bucarest
92%
288 Prague
91%
534 Varsovie
91%
273 Zagreb
89%
737 Berne
87%
305 Ljubljana
87%
453 Belgrade
83%
784 Rome
80%
777 Sofia
80%
488 Sarajevo
79%
580 Vaduz
72%
658 Podgorica
71%
789 Tirana
71%
764 Skopje
68%
591 Saint-Marin
64%
785 Vatican
64%
688 Pristina
63%
Aucun quiz correspondant
Distribution des résultats
% des personnes avec chaque résultat
Percentile par nombre de réponses
Votre historique - résultats
Vous n’avez pas pris ce quiz